Instrumentos de política y gestión ambiental /

Guardado en:
Autor Principal: Marchesi, Guillermo Hernán.
Otros Autores: Lorenzetti, Ricardo Luis, (prol.)
Formato: Libro
Idioma:Undetermined
Publicado: Ciudad Autónoma de Buenos Aires : Erreius, 2025.
Edición:1a. ed.
Materias:
Etiquetas: Agregar Etiqueta
Sin Etiquetas, Sea el primero en etiquetar este registro!
LEADER 00598nam a22001695a 4500
001 DER.der015612
008 251222s2025####xx############000#0#und#d
005 20251222131359.0
245 1 0 |a Instrumentos de política y gestión ambiental /  |c Guillermo H. Marchesi, con prólogo de Ricardo Luis Lorenzetti. 
250 |a 1a. ed. 
260 |a Ciudad Autónoma de Buenos Aires :  |b Erreius,  |c 2025. 
300 |a 367 p. 
020 |a 9789877936155 
100 1 |a Marchesi, Guillermo Hernán. 
700 1 |a Lorenzetti, Ricardo Luis,  |e prol. 
650 7 |a DERECHO AMBIENTAL 
859 |a DERECHO  |b BIB. DERECHO  |h 343.093  |i MAR  |p 0010763